00863 a2200181 4500003000500000005001700005010001400022040000900036082001200045100002200057245010900079250001200188260004100200300002600241505030600267600002200573650008600595NUST20230309123525.0 a 59003692 cNust a355,WOR aWorley, Marvin L. aA digest of new developments in Army weapons :btactics, organization and equipment /cMarvin L. Worley, a2nd ed. aPa., Stackpole CobHarrisburg,c1959 a378 p.:billusc22 cm aArmy Research and Development (Page-1), Artillery (Page-17), Infantry Tactics (Page-87), Armor (Page-131), Airborne Air Mobility (Page-159), Need to Know for Nuclear Warfare (Page-204), Chemical (Page-221), Engineers (Page-242), Signal (Page-275), Quartermaster (Page-329), Transportation (Page-354).  aWorley, Marvin L. aA digest of new developments in Army weapons, tactics, organization and equipment